000 00559nam a2200181Ia 4500
005 20250326123818.0
008 250326s9999 xx 000 0 und d
037 _aTextbook
040 _aFMSL
_beng
_cFMSL
041 _aeng
_2eng
084 _aS(T:2) L2
_qFMSL
100 _aDiggory S F
_9736165
245 0 _aCognitive processes in education: psychological preparation for teaching and curriculaum development
_cDiggory S F
260 _aNY
_bNY, Harper & Row
_c1972
300 _a630p
942 _cTB
_hS(T:2) L2
999 _c1271058
_d1271058